Statistics for Top 25 Newfoundland And Labrador Municipalities By Population (2021)

Click here to take the quiz!

General Stats

  • This quiz has been taken 62 times
    (45 since last reset)
  • The average score is 14 of 25

Answer Stats

StatusPopulationAnswer% Correct
NewfoundlandCity110,525St. john's
100%
NewfoundlandCity22,477Mount Pearl
93%
NewfoundlandTown27,168Conception Bay South
85%
NewfoundlandCity19,333Corner Brook
85%
NewfoundlandTown11,880Gander
85%
NewfoundlandTown13,853Grand Falls-Windsor
85%
LabradorTown8,040Happy Valley-Goose Bay
74%
LabradorTown7,412Labrador City
74%
NewfoundlandTown22,957Paradise
74%
NewfoundlandTown6,704Clarenville
70%
NewfoundlandTown3,547Channel-Port aux Basques
59%
NewfoundlandTown7,852Torbay
59%
NewfoundlandTown4,864Deer Lake
56%
NewfoundlandTown6,540Stephenville
52%
NewfoundlandTown8,415Portugal Cove–St. Philip's
48%
NewfoundlandTown5,974Bay Roberts
44%
NewfoundlandTown5,204Marystown
41%
NewfoundlandTown3,289Placentia
41%
NewfoundlandTown4,696Carbonear
37%
NewfoundlandTown2,796Harbour Grace
26%
NewfoundlandTown3,288Lewisporte
26%
NewfoundlandTown3,082Bishop's Falls
22%
NewfoundlandTown2,965Springdale
22%
NewfoundlandTown3,190Bonavista
19%
NewfoundlandTown3,524Pasadena
19%

Score Distribution

Percentile by Number Answered

Percent of People with Each Score

Your Score History

You have not taken this quiz since the last reset